Ruby - Twenty One Pilots Lyrics - Statistics

General Stats
  • This quiz has been taken 16 times
  • The average score is 183 of 242
Answer Stats
Lyrics % Correct
A
100%
I
100%
I
100%
of
100%
Verse 1 Ruby,
100%
Verse 2 Ruby,
100%
said
100%
see
100%
she
100%
to
100%
to
100%
to
100%
you
100%
you
100%
Your
100%
Your
100%
your
100%
your
100%
Your
100%
all
90%
an
90%
an
90%
eyes
90%
For
90%
from?
90%
hand
90%
hope
90%
I
90%
I've
90%
me
90%
me
90%
me,
90%
my
90%
my
90%
of
90%
of
90%
pink,
90%
room
90%
Ruby,
90%
shade
90%
take
90%
Tell
90%
the
90%
this
90%
waited
90%
walk
90%
where
90%
you
90%
You
90%
you
90%
Chorus You're
90%
Verse 2 You're
90%
Chorus You're
90%
am
80%
an
80%
an
80%
an
80%
an
80%
an
80%
an
80%
an
80%
angel
80%
angel
80%
But
80%
capture
80%
da
80%
da
80%
dad
80%
dad
80%
dad
80%
dad
80%
dad
80%
dad
80%
dad
80%
down
80%
down
80%
fallen
80%
fallen
80%
great
80%
"I'm
80%
"I'm
80%
"I'm
80%
"I'm
80%
"I'm
80%
"I'm
80%
"I'm
80%
land
80%
lead
80%
of
80%
painted
80%
Please
80%
promised
80%
red
80%
shade
80%
soul
80%
tell
80%
tell
80%
the
80%
turned
80%
way
80%
week
80%
will
80%
you
80%
you
80%
you
80%
You
80%
You
80%
You
80%
You
80%
your
80%
Your
80%
you're
80%
You're
80%
You're
80%
You're
80%
You're
80%
You're
80%
You're
80%
You're
80%
all
70%
all
70%
and
70%
angel
70%
angel!
70%
angel
70%
angel
70%
angel
70%
angel
70%
angel
70%
are
70%
arrival
70%
dad
70%
dad
70%
dad
70%
de
70%
de
70%
down
70%
eyes
70%
fallen
70%
fallen
70%
fallen
70%
fallen
70%
from?
70%
from
70%
from
70%
from
70%
has
70%
"I'm
70%
"I'm
70%
"I'm
70%
In
70%
me,
70%
momma
70%
our
70%
our
70%
our
70%
our
70%
our
70%
our
70%
our
70%
say,
70%
sky
70%
sky
70%
sky
70%
sorry"
70%
sorry"
70%
sorry"
70%
sorry"
70%
sorry"
70%
sorry"
70%
sorry"
70%
Tell
70%
tell
70%
Bridge Tell
70%
Tell
70%
Tell
70%
Tell
70%
Tell
70%
Tell
70%
Tell
70%
That
70%
the
70%
the
70%
the
70%
the
70%
the
70%
the
70%
the
70%
they
70%
us
70%
us
70%
We're
70%
where
70%
with
70%
Won't
70%
Won't
70%
call
60%
clouds?
60%
clouds?
60%
clouds?
60%
cure
60%
have
60%
have
60%
have
60%
high?
60%
high?
60%
high?
60%
high?
60%
high?
60%
high?
60%
hold
60%
hold
60%
home
60%
How
60%
How
60%
How
60%
How
60%
How
60%
How
60%
key
60%
land,
60%
our
60%
our
60%
our
60%
"Queen"
60%
royalty
60%
say,
60%
"Shada
60%
sorry"
60%
sorry"
60%
sorry"
60%
Outro Tell
60%
Tell
60%
Tell
60%
us
60%
Won't
60%
diseased
50%
dum"
50%
dum"
50%
pure
50%
"Shada
50%
true
50%
No matching quizzes found
Score Distribution
Percent of People with Each Score
Percentile by Number Answered
Your Score History
You have not taken this quiz